[Event "Kezmarok op"]
[Site "Kezmarok"]
[Date "2022.09.24"]
[Round "1"]
[White "Juracak, David"]
[Black "Sosovickova, Jana"]
[Result "1/2-1/2"]
[WhiteElo "1708"]
[BlackElo "2039"]
[PlyCount "54"]
[EventDate "2022.09.24"]
[EventType "swiss"]
[EventRounds "9"]
[EventCountry "SVK"]
[SourceTitle "CBM 210 Extra"]
[Source "ChessBase"]
[SourceDate "2022.11.30"]
[SourceVersion "1"]
[SourceVersionDate "2022.11.30"]
[SourceQuality "1"]

1. d4 d5 2. c4 e6 3. Nf3 Nf6 4. Nc3 c6 5. e3 Nbd7 6. Bd3 dxc4 7. Bxc4 b5 8. Bd3 Be7 9. 0-0 0-0 10. b3 Bb7 11. Bb2 a6 12. Ne4 Nxe4 13. Bxe4 Nf6 14. Bd3 Nd5 15. Rc1 Rc8 16. Bb1 g6 17. Re1 Bf6 18. Re2 a5 19. Nd2 Qb6 20. Ne4 Be7 21. Nc5 Rfd8 22. Rd2 Bf8 23. Qf3 Bg7 24. Be4 Rc7 25. Rdd1 Rdc8 26. h4 Nf6 27. Bb1 Rd8 1/2-1/2

[Event "Valasska Bystrice op 13th"]
[Site "Valasska Bystrice"]
[Date "2022.09.14"]
[Round "6"]
[White "Novotny, Jaroslav2222"]
[Black "Juracak, David"]
[Result "0-1"]
[WhiteElo "1882"]
[BlackElo "1708"]
[PlyCount "74"]
[EventDate "2022.09.10"]
[EventType "swiss"]
[EventRounds "9"]
[EventCountry "CZE"]
[SourceTitle "CBM 210 Extra"]
[Source "ChessBase"]
[SourceDate "2022.11.30"]
[SourceVersion "1"]
[SourceVersionDate "2022.11.30"]
[SourceQuality "1"]

1. e4 e5 2. Nf3 Nf6 3. Nxe5 d6 4. Nf3 Nxe4 5. Nc3 Nxc3 6. dxc3 Be7 7. Be3 Nc6 8. Qd2 Be6 9. 0-0-0 Qd7 10. Kb1 a6 11. Nd4 0-0-0 12. Nxe6 Qxe6 13. Be2 Kb8 14. Rhe1 Rhe8 15. f4 Bh4 16. g3 Bxg3 17. hxg3 Qxe3 18. Qd3 h6 19. Bf3 Qxe1 20. Rxe1 Rxe1+ 21. Bd1 Rde8 22. Kc1 R8e3 23. Qd2 Ne7 24. Qf2 Nf5 25. g4 Ng3 26. c4 Ne4 27. Qh2 Rg3 28. g5 Rgg1 29. Qh5 Nf2 30. b3 Rxd1+ 31. Kb2 hxg5 32. Qh8+ Ka7 33. Qxg7 gxf4 34. Qxf7 Rgf1 35. Qxc7 Ne4 36. Ka3 Nc5 37. c3 Rd2 0-1

[Event "Skalica op-B"]
[Site "Skalica"]
[Date "2022.08.25"]
[Round "6"]
[White "Juracak, David"]
[Black "Dubanova, Kristina"]
[Result "1-0"]
[WhiteElo "1779"]
[BlackElo "1049"]
[PlyCount "45"]
[EventDate "2022.08.20"]
[EventType "swiss"]
[EventRounds "9"]
[EventCountry "SVK"]
[SourceTitle "CBM 209 Extra"]
[Source "ChessBase"]
[SourceDate "2022.09.30"]
[SourceVersion "1"]
[SourceVersionDate "2022.09.30"]
[SourceQuality "1"]

1. e4 c5 2. Nf3 Nc6 3. d4 cxd4 4. Nxd4 g6 5. Nc3 Bg7 6. Be3 Nf6 7. Bc4 0-0 8. 0-0 d6 9. h3 a6 10. Qd2 Bd7 11. Rad1 Rc8 12. Rfe1 b5 13. Bd3 b4 14. Nce2 a5 15. Bh6 Qb6 16. Bxg7 Kxg7 17. Nf3 Rb8 18. Ng3 Rfc8 19. e5 Nd5 20. exd6 e6 21. Nh5+ Kf8 22. Qh6+ Ke8 23. Qxh7 1-0

[Event "Piestany Slovakia op-B"]
[Site "Piestany"]
[Date "2022.07.16"]
[Round "7"]
[White "Sosovickova, Martina"]
[Black "Juracak, David"]
[Result "1-0"]
[WhiteElo "1816"]
[BlackElo "1770"]
[PlyCount "65"]
[EventDate "2022.07.11"]
[EventType "swiss"]
[EventRounds "9"]
[EventCountry "SVK"]
[SourceTitle "CBM 209 Extra"]
[Source "ChessBase"]
[SourceDate "2022.09.30"]
[SourceVersion "1"]
[SourceVersionDate "2022.09.30"]
[SourceQuality "1"]

1. e4 e5 2. Nc3 Nc6 3. Nf3 Bc5 4. Nxe5 Nxe5 5. d4 Bd6 6. dxe5 Bxe5 7. Qf3 Ne7 8. Bf4 Bxf4 9. Qxf4 d6 10. 0-0-0 Be6 11. Qg3 0-0 12. f4 f5 13. Bd3 Qd7 14. h3 a6 15. Qh2 Qc6 16. g4 fxe4 17. Bxe4 d5 18. Bg2 Qc5 19. f5 Bf7 20. Qe5 Rae8 21. Qf4 c6 22. h4 g6 23. h5 gxf5 24. gxf5 Nc8 25. Rd3 Qe7 26. f6 Bg6 27. hxg6 Rxf6 28. gxh7+ Kh8 29. Qg4 Nd6 30. Rg3 Rf1+ 31. Rxf1 Nc4 32. Qd4+ Ne5 33. Re1 1-0

[Event "CZE-ch U14"]
[Site "Luhacovice"]
[Date "2022.03.17"]
[Round "7"]
[White "Juracak, David"]
[Black "Jasso, Matej"]
[Result "0-1"]
[WhiteElo "1717"]
[BlackElo "1726"]
[PlyCount "52"]
[EventDate "2022.03.12"]
[EventType "swiss"]
[EventRounds "9"]
[EventCountry "CZE"]
[SourceTitle "EXT 2023"]
[Source "ChessBase"]
[SourceDate "2022.10.05"]
[SourceVersion "1"]
[SourceVersionDate "2022.10.05"]
[SourceQuality "1"]

1. d4 d5 2. Bf4 Nf6 3. e3 c5 4. dxc5 Nc6 5. Bb5 e6 6. b4 Ne4 7. f3 Qf6 8. Qd4 Qg6 9. g3 Nf6 10. c3 Nd7 11. Bxc6 bxc6 12. e4 Be7 13. exd5 exd5 14. Ne2 Ba6 15. Na3 0-0 16. Kf2 Bxe2 17. Kxe2 a5 18. Bd6 Bf6 19. Qf4 Rfe8+ 20. Kf2 axb4 21. Qxb4 Qd3 22. Rhe1 Qd2+ 23. Kf1 Rxe1+ 24. Rxe1 Bxc3 25. Qb1 Qxe1+ 26. Qxe1 Bxe1 0-1

[Event "Nizami Ganjavi 880 years U17"]
[Site "Tornelo INT"]
[Date "2021.04.02"]
[Round "3.9"]
[White "Juracak, David"]
[Black "Zaragoza, Alanis Miguel Arnul"]
[Result "0-1"]
[WhiteElo "1660"]
[BlackElo "1178"]
[PlyCount "138"]
[EventDate "2021.04.02"]
[EventType "team-swiss (blitz)"]
[EventRounds "9"]
[EventCountry "AZE"]
[SourceTitle "EXT 2023"]
[Source "ChessBase"]
[SourceDate "2022.10.05"]
[SourceVersion "1"]
[SourceVersionDate "2022.10.05"]
[SourceQuality "1"]
[WhiteTeam "Czech Republic"]
[BlackTeam "Mexico"]
[WhiteTeamCountry "CZE"]
[BlackTeamCountry "MEX"]

1. d4 Nf6 2. c4 g6 3. Nf3 d5 4. cxd5 Nxd5 5. e4 Nf6 6. Nc3 Bg7 7. Bd3 0-0 8. 0-0 Bg4 9. Be3 Nc6 10. Be2 Bxf3 11. Bxf3 e6 12. e5 Nd5 13. Nxd5 exd5 14. Qb3 Ne7 15. Rac1 Rb8 16. Bg5 c6 17. Qa3 Re8 18. Rfe1 Qd7 19. h3 h5 20. Qd6 Qe6 21. Bxe7 Qxe7 22. Qxe7 Rxe7 23. b4 a6 24. a4 f6 25. exf6 Rxe1+ 26. Rxe1 Bxf6 27. Rd1 b5 28. a5 Re8 29. Rc1 Re6 30. Rd1 Kf7 31. g4 h4 32. Kg2 g5 33. Kf1 Bg7 34. Bg2 Ke7 35. f3 Re3 36. Rc1 Kd7 37. Rb1 Bxd4 38. Bh1 Be5 39. Kf2 Ra3 40. Bg2 Bd6 41. Bf1 Ra4 42. Bd3 Rxb4 43. Ra1 Bf4 44. Bf5+ Kd6 45. Ke2 Ra4 46. Rxa4 bxa4 47. Bb1 Kc5 48. Kd3 Kb4 49. Kd4 Kb3 50. Kc5 a3 51. Kb6 Kb2 52. Kxa6 Kxb1 53. Kb6 a2 54. a6 a1Q 55. a7 Be3+ 56. Kxc6 Qxa7 57. Kxd5 Qd4+ 58. Ke6 Qf4 59. Kd5 Qxf3+ 60. Ke5 Qxh3 61. Kf5 Qf3+ 62. Ke5 Qxg4 63. Kd5 h3 64. Ke5 h2 65. Kd5 h1Q+ 66. Ke5 Qhe4+ 67. Kd6 Qge6+ 68. Kc7 Q4c6+ 69. Kb8 Qec8# 0-1